Statistics for NBA Team Names by Clue

Click here to take the quiz!

General Stats

  • This quiz has been taken 89,045 times
  • The average score is 15 of 30

Answer Stats

ClueTeam Name% Correct
IrishmenCeltics
96%
Brown bearsGrizzlies
72%
WaspsHornets
70%
Warm temperatureHeat
68%
Jurassic ParkRaptors
63%
Male equivalents of witchesWizards
61%
Engine componentsPistons
60%
Forest dogsTimberwolves
58%
Basketball equipmentNets
58%
Rabbits from hatsMagic
58%
Chunks of goldNuggets
58%
Fish-eating birdsPelicans
57%
MissilesRockets
53%
Declaration of Independence76ers
51%
Hedge trimmersClippers
50%
Male monarchsKings
49%
SoldiersWarriors
48%
OléBulls
48%
ThorThunder
44%
Chivalrous knightsCavaliers
43%
Dove oppositesHawks
40%
Minnesota 10,000Lakers
39%
Louis ArmstrongJazz
38%
Knee pantsKnicks
35%
DollarsBucks
34%
HeliosSuns
33%
Horse pokersSpurs
33%
Constant velocity carsPacers
28%
Lewis and ClarkTrail Blazers
24%
Palin and McCainMavericks
20%

Score Distribution

Percentile by Number Answered

Percent of People with Each Score

Your Score History

You have not taken this quiz